书目信息 |
| 题名: |
大学英语六级考试词汇巧记手册
|
|
| 作者: | 张子宏 主编 | |
| 分册: | ||
| 出版信息: | 北京 外语教学与研究出版社 2002.08 |
|
| 页数: | 566页 | |
| 开本: | 18cm | |
| 丛书名: | AB词汇路路通系列丛书 | |
| 单 册: | ||
| 中图分类: | H319.9 | |
| 科图分类: | ||
| 主题词: | 英语--词汇--高等学校--水平考试--自学参考资料 | |
| 电子资源: | ||
| ISBN: | 7-5600-2836-5 | |
| 000 | 00907nam0 2200229 45 | |
| 005 | 20041129145815.80 | |
| 010 | @a7-5600-2836-5@dCNY 19.90 | |
| 100 | @a20020911d2002 ekmy0chiy0121 ea | |
| 101 | 0 | @achi@aeng |
| 102 | @aCN@b110000 | |
| 105 | @ay q 000yy | |
| 200 | 1 | @a大学英语六级考试词汇巧记手册@Ada xue ying yu liu ji kao shi ci hui qiao ji shou ce@f张子宏主编 |
| 210 | @a北京@c外语教学与研究出版社@d2002.08 | |
| 215 | @a566页@d18cm | |
| 225 | 2 | @aAB词汇路路通系列丛书 |
| 330 | @a本书有以下特点: 与<<大学英语教学大纲>>内容密切配套、"巧记"栏科学、简明分析各单词的构成、"活用"栏列出单词的搭配、词组及习语、"解析"栏列出六级考试中常出现的同义词和相关词的比较和辨析. | |
| 410 | 0 | @12001 @aAB词汇路路通系列丛书 |
| 606 | 0 | @a英语@x词汇@x高等学校@x水平考试@j自学参考资料 |
| 690 | @aH319.9@v3 | |
| 701 | 0 | @a张子宏@Azhang zi hong@4主编 |
| 801 | 0 | @aCN@bQSSK2@c20041129 |
| 905 | @a10447@dH319.9@eZ250 | |
| 大学英语六级考试词汇巧记手册/张子宏主编.-北京:外语教学与研究出版社,2002.08 |
| 566页;18cm.-(AB词汇路路通系列丛书) |
| ISBN 7-5600-2836-5:CNY 19.90 |
| 本书有以下特点: 与<<大学英语教学大纲>>内容密切配套、"巧记"栏科学、简明分析各单词的构成、"活用"栏列出单词的搭配、词组及习语、"解析"栏列出六级考试中常出现的同义词和相关词的比较和辨析. |
| ● |
| 相关链接 |
|
|
|
正题名:大学英语六级考试词汇巧记手册
索取号:H319.9/Z250
 
预约/预借
| 序号 | 登录号 | 条形码 | 馆藏地/架位号 | 状态 | 备注 |
| 1 | 427663 | 204276639 | 自科二线504/209语言库 99排2列1层/ [索取号:H319.9/Z250] | 在馆 | |
| 2 | 427664 | 204276648 | 自科二线504/209语言库 99排2列1层/ [索取号:H319.9/Z250] | 在馆 | |
| 3 | 427665 | 204276657 | 语言库209/209语言库 113排2列3层/ [索取号:H319.9/Z250] | 在馆 | |
| 4 | 427666 | 204276666 | 语言库209/209语言库 113排2列3层/ [索取号:H319.9/Z250] | 在馆 | |
| 5 | 427667 | 204276675 | 语言库209/209语言库 113排2列3层/ [索取号:H319.9/Z250] | 在馆 |